000 00309nam a22001337a 4500
008 170927b xxu||||| |||| 00| 0 eng d
020 _a9780132320283
041 _aeng
080 _28TH
_a37
100 _a47
101 _aEDU
245 _aSTRATEGIES FOR SUCCESSFUL WRITING
_cREINKING,J.A
942 _2udc
_cBK
999 _c30270
_d30270